000 00948nam a2200277 a 4500
001 000030332
003 DO-SdBNP
005 20240305141307.0
007 ta
008 110510s1956 dr a r 000 0 spa d
040 _aDO-SdBNP
_bspa
_cBNPHU
_erda
082 4 _bS211c
_222
100 1 _aSánchez Lamouth, Juan,
_d1929-1968
_920547
245 1 0 _aCuaderno para una muerte en primavera /
_cJuan Sánchez Lamouth ; viñetas, Silvano Lora y Rafael Faxas, prólogo, Andrés Avelino.
264 1 _aCiudad Trujillo, República Dominicana :
_bDel Caribe,
_c1956
300 _a47 páginas :
_bilustraciones ;
_c28 cm.
336 _2rdacontent
_atexto
_btxt
337 _2rdamedia
_asin mediación
_bn
338 _2rdacarrier
_avolumen
_bnc
590 _aInventariado, 2018/ YL
700 1 _aLora, Silvano
_945559
700 1 _aFaxas, Rafael
_956993
700 1 _aAvelino, Andrés,
_d1900-1974
_eprólogo
_931875
910 _aBtavárez
942 _2ddc
_cLF2
999 _c29824
_d29824